[Event "DVM U14w 2016"]
[Site "Düsseldorf GER"]
[Date "2016.12.28"]
[Round "3"]
[White "Geletzke, Hannah"]
[Black "Kalina, Lena"]
[Result "1-0"]
[Termination "normal"]
[Board "4.1"]
[WhiteElo "1558"]
[BlackElo "1410"]
[WhiteTeam "SV Empor Erfurt"]
[BlackTeam "SC Landskrone"]
[PlyCount "97"]
[WhiteFideId "12983330"]
[BlackFideId "12988014"]
[EventCountry "GER"]
[EventRounds "7"]
[EventType "team-swiss"]
[EventDate "2016.12.26"]

1. e4 g6 2. d4 Bg7 3. Nc3 c6 4. f4 d5 5. e5 Bf5 6. g4 Bc8 7. Be3 e6 8. Nf3 Ne7
9. Qd2 Nd7 10. Be2 Qc7 11. Ng5 a6 12. Rf1 c5 13. Na4 cxd4 14. Bxd4 b5 15. Nc3
Bb7 16. Rc1 Nb6 17. b3 h6 18. Nf3 h5 19. h3 Rc8 20. a4 bxa4 21. Nxa4 Nxa4 22.
bxa4 Nc6 23. Bc3 Ke7 24. Nd4 Nxd4 25. Bxd4 Qc6 26. Qb4+ Kd7 27. Rg1 Bh6 28. g5
Bf8 29. Qb3 Rb8 30. Rg3 Bc5 31. Rc3 Bxd4 32. Rxc6 Bxc6 33. Qa3 Rb6 34. a5 Bc3+
35. Qxc3 Rbb8 36. Qc5 Bb5 37. Qa7+ Kc6 38. Bxb5+ axb5 39. Qa6+ Kc5 40. Rb1 b4
41. Qd6+ Kd4 42. Rxb4+ Rxb4 43. Qxb4+ Ke3 44. Qd2+ Kf3 45. Qf2+ Ke4 46. Ke2 d4
47. Qf3+ Kf5 48. Kd3 Rb8 49. Qe4# 1-0

[Event "DVM U14w 2016"]
[Site "Düsseldorf GER"]
[Date "2016.12.28"]
[Round "3"]
[White "Yukelson, Tamar"]
[Black "Reuter, Elisa"]
[Result "0-1"]
[Termination "normal"]
[Board "4.2"]
[WhiteElo "1417"]
[BlackElo "1618"]
[WhiteTeam "SC Landskrone"]
[BlackTeam "SV Empor Erfurt"]
[PlyCount "94"]
[WhiteFideId "12964069"]
[BlackFideId "12995444"]
[EventCountry "GER"]
[EventRounds "7"]
[EventType "team-swiss"]
[EventDate "2016.12.26"]

1. e4 c5 2. Nf3 Nc6 3. d4 cxd4 4. Nxd4 g6 5. Nc3 Bg7 6. Be3 Nf6 7. Bc4 Qa5 8.
O-O O-O 9. Qd2 Ng4 10. Nde2 Nxe3 11. Qxe3 d6 12. Rab1 Ne5 13. Bb3 Ng4 14. Qd3
Qe5 15. Ng3 h5 16. h3 h4 17. f4 Qc5+ 18. Kh1 Nf2+ 19. Rxf2 Qxf2 20. Nge2 Qc5
21. Qc4 Qxc4 22. Bxc4 Bxc3 23. Nxc3 Be6 24. Bxe6 fxe6 25. Rf1 Rac8 26. Kg1 Kg7
27. Rf2 a6 28. Nd1 Rc4 29. Nc3 b5 30. f5 b4 31. Nd1 Rxe4 32. fxg6 Re1+ 33. Kh2
Rxd1 34. Rxf8 Kxf8 35. a3 bxa3 36. bxa3 Kg7 37. a4 Kxg6 38. a5 e5 39. c3 Kg5
40. c4 e6 41. g3 Rd2+ 42. Kg1 hxg3 43. Kh1 Rf2 44. Kg1 Kh4 45. Kh1 Kxh3 46. Kg1
e4 47. Kh1 Rf1# 0-1

[Event "DVM U14w 2016"]
[Site "Düsseldorf GER"]
[Date "2016.12.28"]
[Round "3"]
[White "Wastian, Mareike"]
[Black "Bykov, Ilona"]
[Result "0-1"]
[Termination "normal"]
[Board "5.1"]
[WhiteElo "1770"]
[BlackElo "1399"]
[WhiteTeam "SF Brackel"]
[BlackTeam "Karlsruher SF"]
[PlyCount "42"]
[WhiteFideId "12947423"]
[BlackFideId "12964433"]
[EventCountry "GER"]
[EventRounds "7"]
[EventType "team-swiss"]
[EventDate "2016.12.26"]

1. e4 e5 2. Nf3 Nc6 3. Bb5 Nf6 4. O-O Nxe4 5. d4 exd4 6. Re1 d5 7. Nxd4 Bd6 8.
f3 Bxh2+ 9. Kf1 Qf6 10. Nxc6 O-O 11. Nd4 Ng3+ 12. Kf2 Ne4+ 13. Ke2 Ng3+ 14. Kd3
c5 15. Ne2 c4+ 16. Ke3 Nf5+ 17. Kf2 Qh4+ 18. Kf1 Ng3+ 19. Nxg3 Bxg3 20. Re3
Qh1+ 21. Ke2 Qxg2# 0-1

[Event "DVM U14w 2016"]
[Site "Düsseldorf GER"]
[Date "2016.12.28"]
[Round "3"]
[White "Chung, Dana"]
[Black "Garbuz, Nicole"]
[Result "0-1"]
[Termination "normal"]
[Board "5.2"]
[WhiteElo "1166"]
[BlackElo "1576"]
[WhiteTeam "Karlsruher SF"]
[BlackTeam "SF Brackel"]
[PlyCount "118"]
[WhiteFideId "16235290"]
[BlackFideId "12990701"]
[EventCountry "GER"]
[EventRounds "7"]
[EventType "team-swiss"]
[EventDate "2016.12.26"]

1. d4 d5 2. c4 e6 3. Nf3 c6 4. Nc3 Nf6 5. Bf4 a6 6. e3 Nbd7 7. Bd3 dxc4 8. Bxc4
b5 9. Bd3 Be7 10. O-O O-O 11. Rc1 Bb7 12. Ne4 h6 13. Rc3 Nd5 14. Rc1 Nxf4 15.
exf4 Rc8 16. Ne5 Nxe5 17. dxe5 Kh8 18. Nc5 Bxc5 19. Rxc5 Qd4 20. Qc2 Qxf4 21.
Be4 Rc7 22. g3 Qg5 23. f4 Qe7 24. Bxc6 Rfc8 25. Rf3 Rxc6 26. Rxc6 Rxc6 27. Rc3
Qc7 28. Rxc6 Qxc6 29. Qxc6 Bxc6 30. a3 a5 31. b4 axb4 32. axb4 Bd5 33. Kf2 Bc4
34. Ke3 Kg8 35. Kd4 Kf8 36. Ke3 Ke7 37. Kd4 f6 38. Ke4 Kf7 39. g4 fxe5 40. Kxe5
Kg6 41. h4 Kf7 42. g5 hxg5 43. hxg5 Kg6 44. Ke4 Kh5 45. Ke5 g6 46. Ke4 Kg4 47.
Ke5 Kf3 48. Kf6 Kxf4 49. Kxg6 e5 50. Kh7 Kxg5 51. Kg7 e4 52. Kf8 e3 53. Ke7 e2
54. Kd6 e1=Q 55. Kc6 Qe6+ 56. Kc5 Qd5+ 57. Kb6 Kf6 58. Ka6 Qd7 59. Ka5 Qa7# 0-1

[Event "DVM U14w 2016"]
[Site "Düsseldorf GER"]
[Date "2016.12.28"]
[Round "3"]
[White "Bünte, Kirsten"]
[Black "Eichhorn, Elisabeth"]
[Result "1-0"]
[Termination "normal"]
[Board "5.3"]
[WhiteElo "1445"]
[BlackElo "1116"]
[WhiteTeam "SF Brackel"]
[BlackTeam "Karlsruher SF"]
[PlyCount "145"]
[WhiteFideId "16200535"]
[BlackFideId "16235070"]
[EventCountry "GER"]
[EventRounds "7"]
[EventType "team-swiss"]
[EventDate "2016.12.26"]

1. d4 Nf6 2. c4 g6 3. Nf3 Bg7 4. Nc3 d6 5. Bf4 O-O 6. e3 Bf5 7. Bd3 Bg4 8. h3
Bxf3 9. Qxf3 c6 10. O-O d5 11. cxd5 cxd5 12. Rac1 e6 13. Nb5 Ne8 14. Nc7 Nxc7
15. Rxc7 e5 16. Rxb7 exf4 17. Qxf4 Qf6 18. Qg3 Nc6 19. Rc1 Ne7 20. Rcc7 Nf5 21.
Qf3 Nd6 22. Qxf6 Bxf6 23. Rxa7 Rxa7 24. Rxa7 Rc8 25. Ra6 Ne8 26. Ra5 Nc7 27.
Rc5 Bd8 28. Bc2 Ra8 29. Bb3 Kg7 30. g3 Rb8 31. Kg2 Kf8 32. Kf3 Ke7 33. g4 Rb4
34. Kg3 h6 35. f3 Kd6 36. Rc3 Be7 37. Rd3 f5 38. gxf5 gxf5 39. Kf4 Ke6 40. Kg3
Bd6+ 41. Kg2 Kf6 42. Rc3 f4 43. a3 Rb6 44. e4 Nb5 45. Rd3 dxe4 46. fxe4 Nxd4
47. Rxd4 f3+ 48. Kf1 Bg3 49. Rd3 Ke5 50. Rxf3 Bf4 51. Ke2 Kxe4 52. Bc2+ Ke5 53.
Rb3 Rd6 54. Rd3 Rb6 55. b4 Kf6 56. Kf3 Rc6 57. Kxf4 Rxc2 58. Rd6+ Kg7 59. Rd3
Rc4+ 60. Ke5 Rc7 61. Rb3 Kf7 62. a4 Ke7 63. a5 Kd7 64. Rd3+ Kc8 65. Rd5 Kb7 66.
Rb5+ Ka6 67. Rb6+ Ka7 68. Rxh6 Re7+ 69. Kd5 Rb7 70. Kc5 Rh7 71. Rxh7+ Ka6 72.
b5+ Kxa5 73. Ra7# 1-0

[Event "DVM U14w 2016"]
[Site "Düsseldorf GER"]
[Date "2016.12.28"]
[Round "3"]
[White "Vu, Minh Anh"]
[Black "Elier, Basmalah"]
[Result "1-0"]
[Termination "normal"]
[Board "5.4"]
[WhiteElo "918"]
[BlackElo "756"]
[WhiteTeam "Karlsruher SF"]
[BlackTeam "SF Brackel"]
[PlyCount "101"]
[WhiteFideId "16235304"]
[BlackFideId "16223004"]
[EventCountry "GER"]
[EventRounds "7"]
[EventType "team-swiss"]
[EventDate "2016.12.26"]

1. e4 e5 2. Nf3 Nc6 3. Bc4 Bc5 4. c3 Nf6 5. d3 d6 6. O-O Bg4 7. Be3 Bxe3 8.
fxe3 Qd7 9. Qb3 Rf8 10. Qxb7 Rb8 11. Qa6 Bxf3 12. Rxf3 Rb6 13. Qa4 Ne7 14.
Qxd7+ Nxd7 15. d4 exd4 16. exd4 Rxb2 17. Na3 Ng6 18. Raf1 Nh4 19. Rxf7 Rxf7 20.
Bxf7+ Ke7 21. g3 Ng2 22. Nc4 Nb6 23. Nxb6 axb6 24. Bd5 Ne3 25. Rf7+ Ke8 26.
Rxg7 Nxd5 27. exd5 Rxa2 28. Rxh7 Ra1+ 29. Kf2 Ra2+ 30. Ke3 Ra3 31. Kd3 b5 32.
h4 b4 33. Rh8+ Ke7 34. Rb8 Rb3 35. Rxb4 Rxb4 36. cxb4 Kf6 37. Ke3 Kf5 38. Kf3
Kg6 39. Kf4 Kh5 40. Kf3 Kg6 41. g4 Kf6 42. Kf4 Kg6 43. h5+ Kh6 44. Kf5 c5 45.
dxc6 Kh7 46. c7 Kg7 47. c8=Q Kf7 48. Qe6+ Kf8 49. Qd7 Kg8 50. Kf6 Kf8 51. Qf7#
1-0

[Event "DVM U14w 2016"]
[Site "Düsseldorf GER"]
[Date "2016.12.28"]
[Round "3"]
[White "Bohrer, Katharina"]
[Black "Schiewe, Nadin"]
[Result "1-0"]
[Termination "normal"]
[Board "6.1"]
[WhiteElo "1144"]
[BlackElo "1292"]
[WhiteTeam "SF Konz-Karthaus"]
[BlackTeam "SC Eintracht Berlin"]
[PlyCount "85"]
[WhiteFideId "16225457"]
[BlackFideId "16209079"]
[EventCountry "GER"]
[EventRounds "7"]
[EventType "team-swiss"]
[EventDate "2016.12.26"]

1. d4 d5 2. Nf3 e6 3. e3 f5 4. Nc3 c6 5. Be2 Nf6 6. Ne5 Bd6 7. f4 Ne4 8. O-O
O-O 9. Bd2 Rf6 10. Be1 Rh6 11. Bh5 g6 12. Bf3 Nd7 13. Bxe4 dxe4 14. Qe2 Nb6 15.
Rd1 g5 16. Qf2 g4 17. Qg3 Qe8 18. a4 Kh8 19. a5 Nd7 20. Nc4 Be7 21. Qf2 {(=)}
Rf6 22. Ne5 h5 23. Qe2 Rh6 24. Ra1 Nf6 25. Bh4 Nd5 26. Nxd5 exd5 27. Bg5 Bxg5
28. fxg5 Rh7 29. Qf2 Qe6 30. h3 Rg7 {(=)} 31. g6 Kg8 32. Qh4 Bd7 33. Qxh5 gxh3
34. Qxh3 Be8 35. Rxf5 Qe7 36. Raf1 Bxg6 37. Nxg6 Rxg6 38. Rh5 Qg7 39. Rf4 Rf6
40. Rxf6 Qxf6 41. Qg4+ Kf7 42. Rf5 Qxf5 43. Qxf5+ 1-0

[Event "DVM U14w 2016"]
[Site "Düsseldorf GER"]
[Date "2016.12.28"]
[Round "3"]
[White "Gehrke, Gina Celina"]
[Black "Biermann, Sophie"]
[Result "0-1"]
[Termination "normal"]
[Board "6.2"]
[WhiteElo "1457"]
[BlackElo "1186"]
[WhiteTeam "SC Eintracht Berlin"]
[BlackTeam "SF Konz-Karthaus"]
[PlyCount "72"]
[WhiteFideId "16205979"]
[BlackFideId "16208960"]
[EventCountry "GER"]
[EventRounds "7"]
[EventType "team-swiss"]
[EventDate "2016.12.26"]

1. d4 d5 2. e3 Nf6 3. Bd3 Nc6 4. c3 e5 5. dxe5 Nxe5 6. Nf3 Bg4 7. Be2 Nxf3+ 8.
Bxf3 Bxf3 9. Qxf3 Bc5 10. O-O O-O 11. Nd2 Qe7 12. b3 Rad8 13. Bb2 Rd6 14. Rad1
c6 15. Qe2 Ne4 16. Nxe4 Qxe4 17. Qd3 Qe5 18. Rd2 Rh6 19. f4 Bxe3+ 20. Rff2
Bxf2+ 21. Rxf2 Qe1+ 22. Rf1 Qh4 23. h3 Re8 24. Qf5 Qg3 25. Kh1 Rhe6 26. Qb1 Re1
27. Rxe1 Rxe1+ 28. Qxe1 Qxe1+ 29. Kh2 Qd2 30. Ba3 Qxc3 31. h4 d4 32. Bd6 d3 33.
Be5 Qc2 34. Kg3 d2 35. Kg4 d1=Q+ 36. Kg5 h6# 0-1

[Event "DVM U14w 2016"]
[Site "Düsseldorf GER"]
[Date "2016.12.28"]
[Round "3"]
[White "Schilz, Tabea"]
[Black "Jacoby, Angelina"]
[Result "0-1"]
[Termination "normal"]
[Board "6.3"]
[WhiteElo "1088"]
[BlackElo "1240"]
[WhiteTeam "SF Konz-Karthaus"]
[BlackTeam "SC Eintracht Berlin"]
[PlyCount "110"]
[WhiteFideId "16235312"]
[BlackFideId "12999008"]
[EventCountry "GER"]
[EventRounds "7"]
[EventType "team-swiss"]
[EventDate "2016.12.26"]

1. e4 d5 2. exd5 Nf6 3. Nc3 Nxd5 4. Nxd5 Qxd5 5. Nf3 Bf5 6. d3 g6 7. Be2 Bg7 8.
O-O O-O 9. Re1 Nc6 10. c3 Rad8 11. d4 Rfe8 12. Be3 e5 13. dxe5 Nxe5 14. Qxd5
Rxd5 15. Rad1 Nxf3+ 16. Bxf3 Rb5 17. Re2 c6 18. h3 Rbe5 19. Rde1 Bd3 20. Rd2
Ba6 21. Rdd1 Bh6 22. Bd2 Rxe1+ 23. Bxe1 Bc4 24. b3 Be6 25. Bd2 Bxd2 26. Rxd2
Bf5 27. Re2 Rxe2 28. Bxe2 Kg7 29. g4 Bb1 30. a4 Bc2 31. Bc4 Kf6 32. a5 b6 33.
axb6 axb6 34. b4 Ke7 35. Kg2 Be4+ 36. f3 Bc2 37. Kg3 g5 38. f4 f6 39. fxg5 fxg5
40. h4 h6 41. hxg5 hxg5 42. Kf3 Kd6 43. Ke3 Ke5 44. Bd3 Bxd3 45. Kxd3 Kf4 46.
Ke2 Kxg4 47. Kf2 Kf4 48. Kg1 Kg3 49. Kh1 Kf2 50. c4 g4 51. b5 c5 52. Kh2 g3+
53. Kh1 g2+ 54. Kh2 g1=Q+ 55. Kh3 Qg3# 0-1

[Event "DVM U14w 2016"]
[Site "Düsseldorf GER"]
[Date "2016.12.28"]
[Round "3"]
[White "Hopp, Celina"]
[Black "Schilz, Luna"]
[Result "1-0"]
[Termination "normal"]
[Board "6.4"]
[WhiteElo "1056"]
[BlackElo "1110"]
[WhiteTeam "SC Eintracht Berlin"]
[BlackTeam "SF Konz-Karthaus"]
[PlyCount "57"]
[WhiteFideId "16235240"]
[BlackFideId "16235320"]
[EventCountry "GER"]
[EventRounds "7"]
[EventType "team-swiss"]
[EventDate "2016.12.26"]

1. e4 e5 2. Nf3 Nc6 3. Bc4 Nf6 4. Ng5 d5 5. exd5 Nxd5 6. Nxf7 Kxf7 7. Qf3+ Ke8
8. Bxd5 Bf5 9. Bxc6+ bxc6 10. Qxf5 Bd6 11. d3 Qb8 12. Nc3 Qb6 13. O-O Ke7 14.
Bg5+ Ke8 15. b3 Qb4 16. Bd2 Qb6 17. Ne4 Rd8 18. Bc3 Qb5 19. Rfe1 Rd7 20. d4 Re7
21. Qc8+ Kf7 22. Qxh8 h6 23. Nxd6+ cxd6 24. dxe5 dxe5 25. Qh7 Qc5 26. Re3 Rd7
27. Bxe5 Qd5 28. Qxg7+ Ke6 29. Qf6# 1-0

[Event "DVM U14w 2016"]
[Site "Düsseldorf GER"]
[Date "2016.12.28"]
[Round "3"]
[White "Reichelt, Lena"]
[Black "Schubert, Arlene"]
[Result "0-1"]
[Termination "normal"]
[Board "7.1"]
[WhiteElo "1486"]
[BlackElo "1168"]
[WhiteTeam "SK Nordhorn-Blanke"]
[BlackTeam "SC Annaberg-Buchholz"]
[PlyCount "94"]
[WhiteFideId "12981184"]
[BlackFideId "16220951"]
[EventCountry "GER"]
[EventRounds "7"]
[EventType "team-swiss"]
[EventDate "2016.12.26"]

1. d4 d5 2. Nf3 Nf6 3. e3 Bf5 4. Bd3 Bxd3 5. Qxd3 e6 6. O-O Bd6 7. Nbd2 O-O 8.
c4 c5 9. cxd5 Nxd5 10. b3 Nc6 11. Nc4 h6 12. Nxd6 Qxd6 13. Ba3 Ndb4 14. Qb5 b6
15. dxc5 bxc5 16. Rfd1 a6 17. Qc4 Qe7 18. Rac1 Nxa2 19. Bxc5 Qb7 20. Bxf8 Nxc1
21. Rxc1 Na5 22. Qc3 Nxb3 23. Rb1 Rc8 24. Qb2 Kxf8 25. Qa3+ Kg8 26. h3 Rc3 27.
Qb2 Qc7 28. g3 Rc1+ 29. Kg2 Rxb1 30. Qxb1 Qc4 31. Qd1 Qb4 32. Qd8+ Qf8 33. Qb6
Nc5 34. Nd4 Qa8+ 35. f3 Nd7 36. Qa5 Qb7 37. Qd8+ Nf8 38. Qa5 Qb2+ 39. Kf1 Qb1+
40. Ke2 Qb2+ 41. Kf1 Qh2 42. g4 Qxh3+ 43. Ke2 Qh2+ 44. Kd3 Qd6 45. Ke4 f6 46.
Qh5 e5 47. Qg6 Nxg6 0-1

[Event "DVM U14w 2016"]
[Site "Düsseldorf GER"]
[Date "2016.12.28"]
[Round "3"]
[White "Jin, Tanja"]
[Black "Meijerink, Inken"]
[Result "1/2-1/2"]
[Termination "normal"]
[Board "7.2"]
[WhiteElo "1211"]
[BlackElo "1381"]
[WhiteTeam "SC Annaberg-Buchholz"]
[BlackTeam "SK Nordhorn-Blanke"]
[PlyCount "135"]
[WhiteFideId "16235355"]
[BlackFideId "16225465"]
[EventCountry "GER"]
[EventRounds "7"]
[EventType "team-swiss"]
[EventDate "2016.12.26"]

1. e4 c5 2. Nf3 Nc6 3. d4 cxd4 4. Nxd4 g6 5. Nc3 Bg7 6. Be3 Nf6 7. Bc4 O-O 8.
Bd3 d5 9. O-O dxe4 10. Nxc6 bxc6 11. Nxe4 Nd5 12. c3 Nxe3 13. fxe3 Bf5 14. Nc5
Bxd3 15. Qxd3 Qxd3 16. Nxd3 Rfd8 17. Nb4 Rdc8 18. Rad1 a5 19. Nd3 a4 20. c4
Rab8 21. Rb1 Rd8 22. Nc5 Rxb2 23. Rxb2 Bxb2 24. Nxa4 Rd2 25. Nxb2 Rxb2 26. Ra1
Rb4 27. a4 Rxc4 28. a5 Rb4 29. a6 Rb8 30. Kf2 Kg7 31. Kf3 f5 32. e4 e5 33. exf5
gxf5 34. Ra3 Ra8 35. g4 Kf6 36. gxf5 Kxf5 37. Ra5 Ke6 38. Ke4 Kd6 39. a7 Kc7
40. Kxe5 Kb6 41. Ra3 Rxa7 42. Rb3+ Kc7 43. Rh3 h5 44. Kf5 Ra5+ 45. Kf4 Kd6 46.
Re3 Rd5 47. Kg3 Rd4 48. Re8 c5 49. Kf2 c4 50. Ke3 Rd5 51. Ke4 Rc5 52. Kd4 Rc7
53. Kc3 Kc6 54. Re5 h4 55. Rh5 Kb6 56. Rxh4 Kb5 57. Rh5+ Rc5 {(=)} 58. Rh4 Ka5
59. Rxc4 Rh5 60. h4 Kb5 61. Kd3 Kb6 62. Ke3 Kb5 63. Rg4 Kc6 64. Kf3 Kd6 65. Kg3
Rh6 66. Rg5 Ke6 67. Kg4 Kf7 68. h5 1/2-1/2

[Event "DVM U14w 2016"]
[Site "Düsseldorf GER"]
[Date "2016.12.28"]
[Round "3"]
[White "Wolterink, Jule"]
[Black "Berndt, Christiane"]
[Result "1/2-1/2"]
[Termination "normal"]
[Board "7.3"]
[WhiteElo "1325"]
[BlackElo "1153"]
[WhiteTeam "SK Nordhorn-Blanke"]
[BlackTeam "SC Annaberg-Buchholz"]
[PlyCount "172"]
[WhiteFideId "12981206"]
[BlackFideId "16235363"]
[EventCountry "GER"]
[EventRounds "7"]
[EventType "team-swiss"]
[EventDate "2016.12.26"]

1. d4 d5 2. Bf4 Nc6 3. c3 Nf6 4. e3 Bf5 5. Bd3 Ne4 6. f3 Nd6 7. Bxd6 Bxd3 8.
Bxc7 Qxc7 9. Qxd3 O-O-O 10. Nd2 e6 11. Qc2 Bd6 12. f4 Kb8 13. Ngf3 f6 14. O-O
e5 15. fxe5 fxe5 16. dxe5 Nxe5 17. e4 Ng4 18. g3 Ne3 19. Qd3 Nxf1 20. Nxf1 Bc5+
21. Kg2 Rhe8 22. exd5 Rd7 23. Rd1 g6 24. c4 Qb6 25. Rd2 Rf7 26. a3 h5 27. b4
Bf8 28. c5 Qd8 29. Qxg6 Rfe7 30. Qd3 Bh6 31. Rc2 Be3 32. Re2 Bh6 33. Rxe7 Rxe7
34. d6 Rg7 35. Qe4 Qf8 36. Ne3 a6 37. Nf5 Rg4 38. Qe7 Qxf5 39. d7 Rg8 40. d8=Q+
Rxd8 41. Qxd8+ Ka7 42. Qb6+ Kb8 43. Qxh6 Qc2+ 44. Qd2 Qb3 45. Qd8+ Ka7 46. Qb6+
Kb8 47. c6 Qc2+ 48. Kf1 Qd3+ 49. Ke1 Qe4+ 50. Kd2 Qd5+ 51. Nd4 Qg2+ 52. Ke3
Qg1+ 53. Ke4 Qe1+ 54. Kd3 Qd1+ 55. Kc3 Qe1+ 56. Kc4 Qc1+ 57. Kd5 Qg5+ 58. Ke6
Qg6+ 59. Ke5 Qg7+ 60. Kf5 Qf7+ 61. Kg5 Qd5+ 62. Nf5 Qg8+ 63. Kxh5 Qf7+ 64. Kh4
Qf6+ 65. Kh3 Qxf5+ 66. Kg2 Qe4+ 67. Kg1 Qe1+ 68. Kg2 Qe4+ 69. Kh3 Qf5+ 70. g4
Qd3+ 71. Kh4 Qh7+ 72. Kg5 Qg7+ 73. Kf5 Qh7+ 74. Kf6 Qh6+ 75. Ke5 Qxh2+ 76. Ke4
Qe2+ 77. Qe3 Qxg4+ 78. Qf4+ Qxf4+ 79. Kxf4 bxc6 80. Ke5 Kb7 81. Kd4 Kb6 82. a4
a5 83. Kc4 axb4 84. Kxb4 c5+ 85. Kc4 Ka5 86. Kxc5 Kxa4 1/2-1/2

[Event "DVM U14w 2016"]
[Site "Düsseldorf GER"]
[Date "2016.12.28"]
[Round "3"]
[White "Schubert, Matthea"]
[Black "Wolterink, Insa"]
[Result "1-0"]
[Termination "normal"]
[Board "7.4"]
[WhiteElo "941"]
[BlackElo "1023"]
[WhiteTeam "SC Annaberg-Buchholz"]
[BlackTeam "SK Nordhorn-Blanke"]
[PlyCount "79"]
[WhiteFideId "16235371"]
[BlackFideId "16235266"]
[EventCountry "GER"]
[EventRounds "7"]
[EventType "team-swiss"]
[EventDate "2016.12.26"]

1. e4 e6 2. Nf3 d5 3. e5 Bd7 4. d4 c5 5. Be3 Qb6 6. b3 Nc6 7. c3 Be7 8. Be2 f6
9. O-O fxe5 10. Nxe5 Nxe5 11. dxe5 O-O-O 12. b4 Nh6 13. f3 Nf5 14. Bf2 Rdg8 15.
a4 h5 16. Nd2 Bg5 17. Nb3 Ne3 18. Bxe3 Bxe3+ 19. Kh1 h4 20. h3 g5 21. a5 Qc7
22. a6 b6 23. bxc5 Bxc5 24. Nxc5 Qxc5 25. Qd4 Qxd4 26. cxd4 Kd8 27. Rfc1 Ke7
28. Rc7 Ra8 29. Bd3 Kd8 30. Rb7 Bc6 31. Rf7 Bd7 32. Rc1 Rc8 33. Rxc8+ Kxc8 34.
Rg7 Rh5 35. Rg8+ Kc7 36. Ra8 Kc6 37. Rxa7 Rh8 38. Kg1 b5 39. Rb7 Bc8 40. Bxb5#
1-0

[Event "DVM U14w 2016"]
[Site "Düsseldorf GER"]
[Date "2016.12.28"]
[Round "3"]
[White "Gauchel, Verena"]
[Black "Otterpohl, Isabel"]
[Result "1/2-1/2"]
[Termination "normal"]
[Board "8.1"]
[WhiteElo "1544"]
[BlackElo "1705"]
[WhiteTeam "SC Ammersee"]
[BlackTeam "SV Hemer"]
[PlyCount "61"]
[WhiteFideId "12988537"]
[BlackFideId "12999180"]
[EventCountry "GER"]
[EventRounds "7"]
[EventType "team-swiss"]
[EventDate "2016.12.26"]

1. d4 d5 2. c4 Nf6 3. Nc3 e6 4. Bg5 Be7 5. e3 h6 6. Bf4 O-O 7. h3 c5 8. dxc5
Bxc5 9. cxd5 exd5 10. a3 Nc6 11. Nf3 Re8 12. Be2 a6 13. O-O d4 14. exd4 Nxd4
15. b4 Nxe2+ 16. Nxe2 Qxd1 17. Rfxd1 Bb6 18. Nc3 Bf5 19. Nd5 Nxd5 20. Rxd5 Be4
21. Rd7 Bc6 22. Rd3 Rac8 23. Nd4 Be4 24. Rd2 Rcd8 25. Be3 Bc7 26. Rad1 Rc8 27.
Nb3 Bc6 28. Nc5 Bb6 29. Rd3 Bxc5 30. Bxc5 Bb5 31. R3d2 1/2-1/2

[Event "DVM U14w 2016"]
[Site "Düsseldorf GER"]
[Date "2016.12.28"]
[Round "3"]
[White "Naumenko, Valerija"]
[Black "Heinze, Sabrina"]
[Result "1-0"]
[Termination "normal"]
[Board "8.2"]
[WhiteElo "1317"]
[BlackElo "1333"]
[WhiteTeam "SV Hemer"]
[BlackTeam "SC Ammersee"]
[PlyCount "111"]
[WhiteFideId "16222890"]
[BlackFideId "12981737"]
[EventCountry "GER"]
[EventRounds "7"]
[EventType "team-swiss"]
[EventDate "2016.12.26"]

1. e4 e5 2. Nf3 Nc6 3. Bc4 Bc5 4. c3 Nf6 5. d3 d6 6. Bb3 Bg4 7. Nbd2 d5 8. exd5
Nxd5 9. Bc2 O-O 10. h3 Bh5 11. O-O a6 12. Re1 Re8 13. Ne4 Bb6 14. g4 Bg6 15.
Ng3 h6 16. h4 Nf6 17. g5 hxg5 18. Bxg5 Qd6 19. Nh2 Qc5 20. Be3 Qd6 21. Bxb6
cxb6 22. Qf3 Qd5 23. Qxd5 Nxd5 24. h5 Bh7 25. Ng4 Nf4 26. Rad1 Rad8 27. Re3 Rd5
28. Ne4 Bxe4 29. Rxe4 f5 30. Bb3 fxe4 31. Bxd5+ Nxd5 32. dxe4 Nf6 33. Nxf6+
gxf6 34. Kh2 Rd8 35. Rg1+ Kh7 36. Rg6 Rf8 37. Kg3 Rg8 38. Rxg8 Kxg8 39. f4 Kg7
40. Kg4 exf4 41. Kxf4 Ne7 42. e5 fxe5+ 43. Kxe5 Kh6 44. Kd6 Nf5+ 45. Kc7 Kxh5
46. Kxb6 Ne3 47. Kxb7 Nd1 48. c4 Nxb2 49. c5 Nc4 50. Kxa6 Ne5 51. a4 Kg6 52.
Kb5 Kf6 53. a5 Nd7 54. c6 Nb8 55. c7 Nd7 56. c8=Q 1-0

[Event "DVM U14w 2016"]
[Site "Düsseldorf GER"]
[Date "2016.12.28"]
[Round "3"]
[White "Karlinger De la Quintana, Ainhoa"]
[Black "Manus, Julia"]
[Result "0-1"]
[Termination "normal"]
[Board "8.3"]
[WhiteElo "1064"]
[BlackElo "969"]
[WhiteTeam "SC Ammersee"]
[BlackTeam "SV Hemer"]
[PlyCount "85"]
[WhiteFideId "16217268"]
[BlackFideId "16234979"]
[EventCountry "GER"]
[EventRounds "7"]
[EventType "team-swiss"]
[EventDate "2016.12.26"]

1. b4 d5 2. Bb2 Nf6 3. e3 e6 4. a3 Be7 5. c4 O-O 6. Nc3 Re8 7. Nf3 c5 8. Qb3 b6
9. cxd5 exd5 10. Be2 Bb7 11. Rc1 Nbd7 12. Na4 Rc8 13. bxc5 Nxc5 14. Nxc5 Bxc5
15. O-O Be7 16. Rxc8 Qxc8 17. Bb5 Rd8 18. Rc1 Qe6 19. Rc7 Rb8 20. Be5 Bd6 21.
Bxd6 Qxd6 22. Rc3 Rc8 23. Rxc8+ Bxc8 24. Qd3 g6 25. Bc4 Bf5 26. Qd4 Kg7 27. d3
Qxa3 28. h3 dxc4 29. dxc4 Qc5 30. Qxc5 bxc5 31. Kf1 Bd3+ 32. Ke1 Bxc4 33. Kd1
Ne4 34. Ne5 Bb3+ 35. Ke2 a5 36. Nd3 Bc4 37. Kd1 Bxd3 38. Kc1 a4 39. Kb2 c4 40.
f3 Nc5 41. g4 f5 42. g5 Kf7 43. h4 0-1

[Event "DVM U14w 2016"]
[Site "Düsseldorf GER"]
[Date "2016.12.28"]
[Round "3"]
[White "Drees, Kim"]
[Black "Heinze, Vanessa"]
[Result "1-0"]
[Termination "normal"]
[Board "8.4"]
[WhiteElo "1016"]
[BlackElo "783"]
[WhiteTeam "SV Hemer"]
[BlackTeam "SC Ammersee"]
[PlyCount "65"]
[WhiteFideId "16235339"]
[BlackFideId "16208412"]
[EventCountry "GER"]
[EventRounds "7"]
[EventType "team-swiss"]
[EventDate "2016.12.26"]

1. e4 e5 2. Nf3 Nc6 3. Bc4 Bc5 4. c3 Nf6 5. d4 exd4 6. e5 Ng8 7. cxd4 Bb6 8.
O-O Nge7 9. Re1 O-O 10. Bg5 Qe8 11. Nc3 h6 12. Bh4 Nf5 13. Qd3 Nfxd4 14. Nxd4
Bxd4 15. Bg3 Bxe5 16. Nd5 a6 17. Nxc7 Qe7 18. Nxa8 Qf6 19. Bxe5 Nxe5 20. Qd5 d6
21. Nb6 Bg4 22. Re3 Nxc4 23. Nxc4 Rd8 24. Rae1 Bd7 25. Qxd6 Qg5 26. Nb6 Qf5 27.
Re7 a5 28. Rxd7 Rxd7 29. Qxd7 Qg6 30. g3 Qxb6 31. Re8+ Kh7 32. Qf5+ g6 33.
Qxf7# 1-0

[Event "DVM U14w 2016"]
[Site "Düsseldorf GER"]
[Date "2016.12.28"]
[Round "3"]
[White "Kohl, Natalie"]
[Black "Kirschner, Elena"]
[Result "1-0"]
[Termination "normal"]
[Board "9.1"]
[WhiteElo "1448"]
[BlackElo "1269"]
[WhiteTeam "Meuselwitzer SV"]
[BlackTeam "SV SF Friedrichshagen"]
[PlyCount "55"]
[WhiteFideId "12967408"]
[BlackFideId "16205804"]
[EventCountry "GER"]
[EventRounds "7"]
[EventType "team-swiss"]
[EventDate "2016.12.26"]

1. e4 e6 2. d4 d5 3. exd5 exd5 4. Nc3 Nf6 5. Nf3 Bd6 6. Bg5 Be6 7. Bd3 h6 8.
Bh4 a6 9. Qe2 O-O 10. O-O Nc6 11. h3 Nb4 12. Rfe1 Nxd3 13. Qxd3 Re8 14. a3 Rc8
15. Re2 Be7 16. Rae1 c6 17. Ne5 Nh5 18. Bxe7 Qxe7 19. Qf3 Qg5 20. Ng4 Re7 21.
Re5 Qg6 22. Nxh6+ gxh6 23. Qxh5 Qxh5 24. Rxh5 Kh7 25. f4 Rce8 26. Rhe5 f5 27.
g4 fxg4 28. f5 1-0